000 00717nam a2200289Ia 4500
001 16441
003 GE_BSU
008 181216s||||||||xx |||||||||||||| ||und||
020 _a9781780984483
040 _cGE_BSU
080 _a811.111(075.8)
100 _aEvans Virginia,Jenny Dooley
245 _aPrime Time 3. STUDENT S' Book
245 _bSTUDENT S' Book
260 _aNewbury
260 _bExpress publishing
260 _c2012
300 _a174p,ill,30cm
300 _b+iebook 3 version 2
541 _h20gel,95t
653 _agrammar
653 _aPrime Time 4
653 _aSTUDENT S' Book
653 _aგრამატიკა
653 _aინგლისური
942 _cBK
999 _c49512
_d49512